000
00205nam a2200085Ia 4500
008
120527s9999 xx 000 0 und d
100
_a
Zuckerman,j.j
245
_a
Tin and malignant celll growth.
942
_c
BK
999
_c
24010
_d
24010